000 00462nam a22001577a 4500
005 20241022100143.0
008 241022b |||||||| |||| 00| 0 eng d
082 _a297.1227
_bZAR-Q
100 _aZafar Iqbal
245 _aQuran e Hakeem or Science /
_cZafar Iqbal
260 _aLahore Raiwind Road :
_c2010.
300 _a246 p. :
500 _a Responsible :Azra Naheed Centre for research and development.
650 _aLiterature / Islamic
999 _c36703
_d36703